00664nam a2200181Ia 4500008004100000082001600041100001700057245007900074250000800153260002700161300002000188500002400208650001400232942000700246952010600253952010600359999001700465230524s9999 xx 000 0 und d a658.45bBAS aKaushik Basu 0a"Collected Papers in Theoritical Economics ( Vol-1, Vol-2, Vol-3 & Vol-4)" a2ND aNEW YORKbOxfordc2011 a320;217;273;257 aQuantity Number: 2 aEconomics cBK 00104070aTATCLbTATCLcGENd2023-05-24l0o658.45 BASp42684r2023-05-24w2023-05-24yBKzHSSM4202 00104070aTATCLbTATCLcGENd2023-05-24l0o658.45 BASp42685r2023-05-24w2023-05-24yBKzHSSM4202 c49257d49257